000 00921nas a2200265 4500
001 BR2013006497
003 BR-BrBNA
005 20231205122818.0
007 ta
008 230509b bl.|||p| |||| 00| 00por d
040 _aBR-BrBNA
_bpor
_cBiblioteca Nacional de Agricultura
041 _a(Pt)
072 _aQ02; Q04
100 1 _aLustosa, B.H.B.
100 1 _aLeonel, M.
245 1 _aDesenvolvimento de misturas instantâneas de mandioca e caseína: efeito do teor de proteína e parâmetros de extrusão sobre a viscosidade
650 _aMANIHOT ESCULENTA
650 _aPROCESSAMENTO
650 _aPROPRIEDADE REOLÓGICA
650 _aPROTEÍNA
773 0 _tCiência e Tecnologia de Alimentos (Brazil)
_xISSN 1678-457X
_g(Jul-Sep 2010), v. 30(3) p. 693-699
_wBR2013006497
856 4 0 _uhttp://www.scielo.br/pdf/cta/v30n3/v30n3a20.pdf
909 _a202311
_bLúcia
_c55
_dLúcia Elande
942 _2AGRIS
_n0
_cANA
999 _c230704
_d230704